| 000 | 00584nam a22001937a 4500 | ||
|---|---|---|---|
| 005 | 20130829162639.0 | ||
| 010 | _aENG-108350 | ||
| 020 |
_c298.00 _a9789350975695 |
||
| 035 | _aEN-91883 | ||
| 037 | _bDBAD/PUB | ||
| 082 | _a300.072 | ||
| 100 | _aKrishnaswami, O.R. | ||
| 245 |
_aMethodology of research in social sciences / _cby O.R. Krishnaswami [and] M. Ranganatham |
||
| 260 |
_aMumbai _bHimalaya Publishing House _c2013 |
||
| 270 |
_aGirgaon _bMumbai _e400004 |
||
| 300 |
_a445p. _c24cm(pbk) |
||
| 700 | _aRanganatham, M. | ||
| 942 |
_2ddc _cEN _mKRI _h300.072 |
||
| 999 |
_c78739 _d78739 |
||